[Event "AUTO-OPEN-4637"]
[Site "http://www.queenalice.com/game.php?id=1868804"]
[Date "2026.2.2"]
[Round "1"]
[White "delphicoracle"]
[Black "gizmokaka"]
[Result "0-1"]
[WhiteElo "2594"]
[BlackElo "2872"]

1. e4 e5 2. Nf3 Nc6 3. Nc3 Nf6 4. d4 exd4 5. Nxd4 Bb4 6. Nxc6 bxc6 7. Bd3 d5 8.
exd5 cxd5 9. O-O O-O 10. h3 c6 11. Qf3 Re8 12. Bf4 Be6 13. Ne2 a5 14. Nd4 Qb6
15. Nxe6 Rxe6 16. Bf5 Ree8 17. c3 Bc5 18. b3 g6 19. Bh6 Bf8 20. Bxf8 Rxf8 21.
Bd3 Kg7 22. Rfe1 Rfe8 23. Qf4 c5 24. Rad1 h6 25. Re2 Rac8 26. Qd2 Red8 27. Re3
Ne4 28. Qc2 Nf6 0-1

[Event "AUTO-OPEN-4637"]
[Site "http://www.queenalice.com/game.php?id=1868805"]
[Date "2026.2.2"]
[Round "1"]
[White "gizmokaka"]
[Black "delphicoracle"]
[Result "1-0"]
[WhiteElo "2869"]
[BlackElo "2597"]

1. d4 d5 2. c4 dxc4 3. Nf3 Nf6 4. e3 a6 5. Bxc4 e6 6. O-O Nbd7 7. a4 c5 8. Qe2
Qc7 9. e4 cxd4 10. e5 Nd5 11. Re1 Nb4 12. Na3 Nb6 13. Nxd4 Bc5 14. Bd2 N4d5 15.
Qg4 Nxc4 16. Qxg7 Nxd2 17. Qxh8+ Ke7 18. Nac2 Qb6 19. Qxh7 Qxb2 20. Rad1 Bxd4
21. Qh4+ Kd7 22. Nxd4 Qb4 23. Qh6 Qxd4 24. Rxd2 Qb4 25. Red1 Qe7 26. a5 Ke8 27.
Rd4 Bd7 28. Rg4 Qf8 29. Rg7 Ne7 30. Qf6 Rc8 31. h4 Ba4 32. Rb1 Bc6 33. h5 Be4
34. Rd1 Nd5 35. Qg5 Bg6 36. h6 1-0

[Event "AUTO-OPEN-4597"]
[Site "http://www.queenalice.com/game.php?id=1870122"]
[Date "2026.3.5"]
[Round "3"]
[White "WoodpusherKid"]
[Black "delphicoracle"]
[Result "1-0"]
[WhiteElo "2718"]
[BlackElo "2661"]

1. e4 e6 2. d4 d5 3. Nc3 Bb4 4. e5 c5 5. a3 Bxc3+ 6. bxc3 Qa5 7. Bd2 Qa4 8. Qg4
Kf8 9. Bd3 Nc6 10. Nf3 c4 11. Be2 Qxc2 12. O-O Bd7 13. Bd1 Qg6 14. Qf4 Qf5 15.
Qh4 Nge7 16. Rc1 h5 17. h3 Qg6 18. Bc2 Nf5 19. Qf4 Nce7 20. Rb1 b6 21. g3 Qh7
22. Ng5 Qg8 23. Rfe1 Rc8 24. h4 1-0

[Event "AUTO-OPEN-4597"]
[Site "http://www.queenalice.com/game.php?id=1870123"]
[Date "2026.3.5"]
[Round "3"]
[White "delphicoracle"]
[Black "WoodpusherKid"]
[Result "0-1"]
[WhiteElo "2647"]
[BlackElo "2732"]

1. e4 e5 2. Nf3 Nc6 3. d4 exd4 4. Nxd4 Nf6 5. Nxc6 bxc6 6. e5 Qe7 7. Qe2 Nd5 8.
c4 Ba6 9. Qe4 Nb4 10. Nc3 Rd8 11. Kd1 d5 12. exd6 Rxd6+ 13. Bd2 Re6 14. Qf3 c5
15. Qa8+ Qd8 16. Qxd8+ Kxd8 17. Nb5 Bb7 18. Nxa7 Be4 19. a3 Nd3 20. Bxd3 Bxd3
21. b3 c6 22. Bf4 Kd7 23. Re1 Rxe1+ 24. Kxe1 Bd6 25. Bxd6 Kxd6 0-1

[Event "AUTO-OPEN-4646"]
[Site "http://www.queenalice.com/game.php?id=1871384"]
[Date "2026.4.4"]
[Round "1"]
[White "Thisistheway"]
[Black "delphicoracle"]
[Result "1-0"]
[WhiteElo "1944"]
[BlackElo "2563"]

1. e4 e6 2. d4 c5 3. c3 b6 4. Nf3 Bb7 5. Bd3 Nf6 6. Qe2 Be7 7. e5 Nd5 8. c4 Nb4
9. Be4 Bxe4 10. Qxe4 cxd4 11. Qxa8 Nc2+ 12. Ke2 Nxa1 13. Qe4 Qc7 14. Nbd2 Nc6
15. b3 O-O 16. Bb2 1-0

[Event "AUTO-OPEN-4646"]
[Site "http://www.queenalice.com/game.php?id=1871385"]
[Date "2026.4.4"]
[Round "1"]
[White "delphicoracle"]
[Black "Thisistheway"]
[Result "0-1"]
[WhiteElo "2563"]
[BlackElo "1944"]

1. Nf3 d5 2. e3 Nf6 3. c4 e6 4. b3 c5 5. Bb2 Nc6 6. cxd5 exd5 7. Be2 d4 8. exd4
cxd4 9. Bb5 Bc5 10. Bxc6+ bxc6 11. Qe2+ Be6 12. Qe5 Bd6 13. Qxd4 O-O 14. O-O Bd5
0-1

[Event "AUTO-OPEN-4646"]
[Site "http://www.queenalice.com/game.php?id=1871408"]
[Date "2026.4.4"]
[Round "1"]
[White "delphicoracle"]
[Black "zubarev"]
[Result "0-1"]
[WhiteElo "2641"]
[BlackElo "1951"]

1. Nf3 Nf6 2. c4 d6 3. d4 e6 4. Nc3 Be7 5. e4 O-O 6. Be2 c6 7. O-O Nbd7 8. Qd3
e5 9. Rd1 exd4 10. Nxd4 Ne5 11. Qc2 c5 12. Nf3 Bg4 13. Nxe5 Bxe2 14. Qxe2 Qb6
15. Nf3 Rfe8 16. Nh4 Nd7 17. Nf5 Nf6 18. Bg5 Rad8 19. Nxe7+ Rxe7 0-1

[Event "AUTO-OPEN-4646"]
[Site "http://www.queenalice.com/game.php?id=1871409"]
[Date "2026.4.4"]
[Round "1"]
[White "zubarev"]
[Black "delphicoracle"]
[Result "0-1"]
[WhiteElo "1943"]
[BlackElo "2678"]

1. d4 f5 2. Nc3 Nf6 3. Nf3 e6 4. e3 d5 5. Bd3 Be7 6. Ne5 O-O 7. f4 Nbd7 8. O-O
Ne4 9. Nxe4 fxe4 10. Nxd7 Bxd7 11. c4 exd3 12. Qxd3 Be8 13. Bd2 Bg6 14. Qc3 Be4
15. c5 c6 16. Rf2 Qe8 17. Raf1 Qg6 18. Qb4 Rab8 19. a3 b6 20. Qa4 Bh4 21. Qxc6
Bxf2+ 22. Rxf2 bxc5 23. Qxc5 Rxb2 24. Bb4 Rb1+ 0-1

[Event "AUTO-OPEN-4646"]
[Site "http://www.queenalice.com/game.php?id=1871410"]
[Date "2026.4.4"]
[Round "1"]
[White "delphicoracle"]
[Black "game"]
[Result "1-0"]
[WhiteElo "2676"]
[BlackElo "1603"]

1. Nf3 d6 2. d4 Nf6 3. c4 Bd7 4. Nc3 e6 5. e4 Be7 6. e5 dxe5 7. dxe5 Ng4 8. h3
Nh6 9. Bxh6 gxh6 10. Qd2 a5 11. Qxh6 Bf8 12. Qf4 Bb4 13. Ng5 Qe7 14. Ne4 Bc6 15.
Nf6+ Kf8 16. Qh6# 1-0

[Event "AUTO-OPEN-4646"]
[Site "http://www.queenalice.com/game.php?id=1871411"]
[Date "2026.4.4"]
[Round "1"]
[White "game"]
[Black "delphicoracle"]
[Result "0-1"]
[WhiteElo "1601"]
[BlackElo "2677"]

1. e4 g6 2. Nc3 Bg7 3. d4 c6 4. Bc4 d6 5. Nf3 Nf6 6. Ng5 d5 7. exd5 cxd5 8. Bb3
Nc6 9. Bf4 Bf5 10. Nb5 O-O 11. g4 Bxg4 12. f3 Bf5 13. Bc7 Qd7 14. Bg3 h6 15. f4
hxg5 16. fxg5 Ne4 17. Qf3 a6 18. Nc7 Nxd4 19. Qg2 Bh3 20. Qg1 Nf3+ 0-1

[Event "AUTO-OPEN-4609"]
[Site "http://www.queenalice.com/game.php?id=1872934"]
[Date "2026.5.5"]
[Round "3"]
[White "delphicoracle"]
[Black "WoodpusherKid"]
[Result "0-1"]
[WhiteElo "2668"]
[BlackElo "2704"]

1. e4 e5 2. Nf3 Nc6 3. Bb5 Nf6 4. Nc3 Nd4 5. Bc4 Bc5 6. Nxe5 Qe7 7. Nf3 d5 8.
Bxd5 Bg4 9. d3 Nd7 10. h3 Bxf3 0-1